Expressions anglaises : IX.2.Shopping - Statistiques

Statistiques générales
  • Ce quiz a été pris 18 fois
  • Le résultat moyen est 22 sur 47
Statistiques - réponses
Hint Réponse % Correct
a camera store un magasin d’appareils photo
91%
a credit card une carte de crédit
82%
consumer protection la protection des consommateurs
73%
Value-Added Tax la T.V.A.
73%
to pay on delivery payer à la livraison
73%
a shopping centre, a shopping mall un centre commercial
73%
a sports shop un magasin d’articles de sport
73%
to go window-shopping faire du lèche-vitrines
64%
the quality-price ratio, the value for money le rapport qualité/prix
64%
to pay cash payer comptant
64%
a good bargain une bonne affaire
64%
a self-service store un magasin libre-service
64%
terms of payment des conditions de paiement
55%
the fish counter la poissonnerie (supermarché)
55%
the shoe department le rayon des chaussures
55%
home-shopping les achats à domicile
55%
consumer trends les tendances de consommation
55%
free of charge sans frais
55%
a bar code un code barres
55%
a consumer group une association de consommateurs
55%
a quality standard une norme de qualité
55%
a D.I.Y. store un magasin de bricolage
55%
to buy on credit acheter à crédit
45%
to go on a shopping spree faire des achats extravagants
45%
to go shopping faire les commissions
45%
the purchasing/ spending power le pouvoir d’achat
45%
consumer habits les habitudes de consommation
45%
the Consumer Price Index l’indice des prix à la consommation
45%
to undercut prices sacrifier les prix
45%
to meet customers' needs satisfaire les besoins des clients
45%
a range of goods une ligne de produits
45%
a mail-order company une maison de vente par correspondance
45%
a cut in prices une réduction des prix
45%
a credit freeze un gel du crédit
45%
a flea market un marché aux puces
45%
price regulation la réglementation des prix
36%
a price tag une étiquette portant le prix
36%
a shopping arcade une galerie marchande
36%
to shop around chercher des bonnes occasions
27%
to pay with plastic money payer avec une carte de crédit
27%
a free sample un échantillon gratuit
27%
a down payment un premier versement
27%
a clearance sale des soldes
9%
hire purchase l’achat à crédit
9%
a junk shop une brocante
9%
to slash prices en rupture de stock
0%
out of stock une liquidation
0%
Aucun quiz correspondant
Distribution des résultats
% des personnes avec chaque résultat
Percentile par nombre de réponses
Votre historique - résultats
Vous n’avez pas pris ce quiz